| 000 | 01013nam a22002777a 4500 | ||
|---|---|---|---|
| 005 | 20251117155426.0 | ||
| 008 | 170419b2015 xxu||||| |||| 00| 0 spa d | ||
| 020 | _a9789968479202 | ||
| 041 | _aESP | ||
| 082 | _aCR 863.4 V714c | ||
| 100 |
_aVillalobos Jiménez, Rodrigo _942272 |
||
| 245 | _aCuentos ticos: tuanis y furris | ||
| 260 | _aCosta Rica | ||
| 260 | _bR. Villalobos J. | ||
| 260 | _c2015 | ||
| 300 | _a116 páginas | ||
| 300 | _bIlustraciones a blanco y negro | ||
| 490 | _aTemática General | ||
| 505 | _aContenido: El precario; El circo; Puro; El taxista; Prioridades; Migrante; La olla arrocera; En camión a Guadalupe; Medicina en la casa; Agua y aceite; Un costarricense en Estados Unidos / Un tico en la Yunai; La herencia; El espejito; Accidente en la pista; Felo el cantinero. | ||
| 650 | _aCUENTOS COSTARRICENSES | ||
| 650 | _aLITERATURA COSTARRICENSE | ||
| 650 | _aCOSTARRIQUEÑISMOS | ||
| 650 | _aHISTORIAS CÓMICAS | ||
| 650 | _aHISTORIAS AGRADABLES | ||
| 942 |
_cLIT _2ddc |
||
| 999 |
_c9305 _d9305 |
||